Setiap perbuatan ada balasan

Bibliographic Details
Main Author: Hazli Mat Saad
Corporate Author: Title
Format: Book
Published: Selangor : Nikaz publications , 2006
Series:Salam dari rimba
Subjects:

MARC

LEADER 00000cam a2200000 7i4500
001 0000003519
005 20220105103947.0
008 070719
020 |a 9831881435 
090 0 0 |a JP   |b ANM MAL (3785) 
100 0 |a Hazli Mat Saad 
245 0 0 |a Setiap perbuatan ada balasan   |c Hazli Mat Saad 
260 |a Selangor :   |b Nikaz publications ,   |c 2006 
440 0 |a Salam dari rimba 
500 |a Children age 4-6 years old (yellow) 
650 0 |a Animal 
650 0 |a Malay language   |x Readers   |x Fiction 
710 0 |a Title 
999 |a 0000969328   |b Book   |c Children Collection   |e Cawangan Tmn. Ungku Tun Aminah 
999 |a 0000969329   |b Book   |c Children Collection   |e Perbadanan Perpustakaan Awam Johor 
999 |a 0000969330   |b Book   |c Children Collection   |e Perbadanan Perpustakaan Awam Johor 
999 |a 0000969331   |b Book   |c Children Collection   |e Cawangan Tmn. Ungku Tun Aminah 
999 |a 0000969332   |b Book   |c Children Collection   |e Cawangan Segamat 
999 |a 0000975852   |b Book   |c Children Collection   |e Cawangan Pontian 
999 |a 0000975853   |b Book   |c Children Collection   |e Cawangan Pontian 
999 |a 0001143784   |b Book   |c Children Collection   |e Cawangan Mersing